Über Kontraktionen des Hilbertschen Raumes

Elmentve itt :
Bibliográfiai részletek
Szerzők: Riesz Frigyes
Szőkefalvi-Nagy Béla
Dokumentumtípus: Cikk
Megjelent: 1943
Sorozat:Acta scientiarum mathematicarum 10
Kulcsszavak:Hilbert David, Természettudomány, Matematika, Művelődés
Online Access:http://acta.bibl.u-szeged.hu/13539
LEADER 00686nab a2200193 i 4500
001 acta13539
005 20210412125938.0
008 161015s1943 hu o 0|| ger d
022 |a 0001-6969 
040 |a SZTE Egyetemi Kiadványok Repozitórium  |b hun 
041 |a ger 
100 1 |a Riesz Frigyes 
245 1 0 |a Über Kontraktionen des Hilbertschen Raumes  |h [elektronikus dokumentum] /  |c  Riesz Frigyes 
260 |c 1943 
300 |a 202-205 
490 0 |a Acta scientiarum mathematicarum  |v 10 
695 |a Hilbert David, Természettudomány, Matematika, Művelődés 
700 0 2 |a Szőkefalvi-Nagy Béla  |e aut 
856 4 0 |u http://acta.bibl.u-szeged.hu/13539/1/math_010_202-205.pdf  |z Dokumentum-elérés